Introduction to financial mathematics / (Record no. 22163)
[ view plain ]
| 000 -LEADER | |
|---|---|
| fixed length control field | 00944cam a22002535a 4500 |
| 001 - CONTROL NUMBER | |
| control field | 18978244 |
| 005 - DATE AND TIME OF LATEST TRANSACTION | |
| control field | 20201128023806.0 |
| 008 - FIXED-LENGTH DATA ELEMENTS--GENERAL INFORMATION | |
| fixed length control field | 160217s2016 flua frb 001 0 eng d |
| 020 ## - INTERNATIONAL STANDARD BOOK NUMBER | |
| International Standard Book Number | 9781498723909 |
| 040 ## - CATALOGING SOURCE | |
| Original cataloging agency | YDXCP |
| Language of cataloging | eng |
| Transcribing agency | YDXCP |
| Modifying agency | EG-ScBUE |
| 082 04 - DEWEY DECIMAL CLASSIFICATION NUMBER | |
| Edition number | 22 |
| Classification number | 332.0151 |
| Item number | HAS |
| 100 1# - MAIN ENTRY--PERSONAL NAME | |
| Personal name | Hastings, Kevin J., |
| Dates associated with a name | 1955- |
| 9 (RLIN) | 40729 |
| 245 10 - TITLE STATEMENT | |
| Title | Introduction to financial mathematics / |
| Statement of responsibility, etc | Kevin J. Hastings. |
| 260 ## - PUBLICATION, DISTRIBUTION, ETC. (IMPRINT) | |
| Place of publication, distribution, etc | Boca Raton : |
| Name of publisher, distributor, etc | CRC Press / Taylor & Francis Group, |
| Date of publication, distribution, etc | c.2016. |
| 300 ## - PHYSICAL DESCRIPTION | |
| Extent | xiii, 407 p. : |
| Other physical details | ill. ; |
| Dimensions | 24 cm. |
| 490 0# - Series Statement | |
| Series statement | Advances in applied mathematics. |
| 500 ## - GENERAL NOTE | |
| General note | Index : p. 403-407. |
| 504 ## - BIBLIOGRAPHY, ETC. NOTE | |
| Bibliography, etc | Bibliography : p. 401-402. |
| 505 0# - FORMATTED CONTENTS NOTE | |
| Formatted contents note | Theory of interest -- Bonds -- Discrete probability for finance -- Portfolio theory -- Valuation of derivatives. |
| 650 #7 - SUBJECT ADDED ENTRY--TOPICAL TERM | |
| Topical term or geographic name as entry element | Business mathematics. |
| Source of heading or term | BUEsh |
| 9 (RLIN) | 801 |
| 651 ## - SUBJECT ADDED ENTRY--GEOGRAPHIC NAME | |
| Source of heading or term | BUEsh |
| 653 ## - INDEX TERM--UNCONTROLLED | |
| Resource For college | BAEPS, Business Administration |
| Arrived date list | August 2016 |
| -- | October2016 |
| 942 ## - ADDED ENTRY ELEMENTS (KOHA) | |
| Source of classification or shelving scheme | Dewey Decimal Classification |
| Edition | 22 |
| Call number prefix | 332.0151 HAS |
| Withdrawn status | Item status | Source of classification or shelving scheme | Damaged status | Not for loan | Vendor | Home library | Current library | Shelving location | Date acquired | Source of acquisition | Cost, normal purchase price | Serial Enumeration / chronology | Total Checkouts | Total Renewals | Full call number | Barcode | Date last seen | Date last borrowed | Cost, replacement price | Koha item type |
|---|---|---|---|---|---|---|---|---|---|---|---|---|---|---|---|---|---|---|---|---|
| Dewey Decimal Classification | Baccah | Central Library | Central Library | First floor | 11/08/2016 | Purchase | 660.00 | 25846 | 1 | 4 | 332.0151 HAS | 000033209 | 15/07/2025 | 18/09/2016 | 825.00 | Book - Borrowing | ||||
| Dewey Decimal Classification | Baccah | Central Library | Central Library | First floor | 23/10/2016 | Purchase | 660.00 | 25846 | 332.0151 HAS | 000034452 | 15/07/2025 | 825.00 | Book - Borrowing |